[Event "Tata Steel-A 81st"]
[Site "Wijk aan Zee"]
[Date "2019.01.22"]
[Round "9"]
[White "Shankland, Samuel L"]
[Black "Carlsen, Magnus"]
[Result "1/2-1/2"]
[WhiteElo "2725"]
[BlackElo "2835"]
[Annotator "Fernandez,Daniel Howard"]
[PlyCount "80"]
[EventDate "2019.01.12"]
[EventType "tourn"]
[EventRounds "13"]
[EventCountry "NED"]
[EventCategory "21"]
[SourceTitle "CBM 188"]
[Source "ChessBase"]
[SourceDate "2018.12.21"]
[SourceVersion "1"]
[SourceVersionDate "2018.12.21"]
[SourceQuality "1"]

1. d4 d5 2. c4 e6 3. Nc3 a6 {A relatively major trend of the 2010's. Black threatens to take on d5 and obliges his opponent to enter a Carlsbad structure in which ...a6 will be useful rather than committal.} 4. cxd5 (4. Nf3 {is of course playable, but after} dxc4 5. a4 Nc6 6. e4 Na5 7. Be3 $44 {or similar, the compensation is less clear-cut than in a standard Moscow Gambit.}) (4. e4 {attempts a favourable comparison to the 3...c6 4.e4!? gambit, but} dxe4 5. Nxe4 Nf6 $11 {was just fine for Black in Roubalik,J-Zilka,S Czech Republic 2018}) 4... exd5 5. Nf3 h6 {This is maximalist, and provocative.} ({There isn't much reason why the} 5... Nf6 6. Bg5 Be6 7. e3 Nbd7 8. Bd3 h6 9. Bf4 {of Karjakin,S-Caruana,F Saint Louis 2018 should scare Black, but if the text can be played, then it should be.}) 6. Bf4 (6. Qb3 Nf6 7. e4 $5 Nxe4 $1 (7... dxe4 8. Ne5 Be6 9. Qxb7 $18) 8. Qxd5 Qxd5 9. Nxd5 Bd6 10. Bd3 Nf6 11. Nxf6+ gxf6 12. O-O Nc6 13. Re1+ Kf8 14. Be3 $11 {Here a draw was agreed in Parligras,M-Rakhmanov,A Banja Vrujci 2017, on the premise that in the absence of queens, the isolated d-pawn is as weak as the doubled f-pawns.}) 6... Nf6 7. e3 Bd6 8. Bxd6 Qxd6 9. Qc2 O-O 10. Bd3 Re8 ({RR} 10... Be6 11. O-O Nbd7 12. Rac1 Rac8 13. h3 c5 14. dxc5 Nxc5 15. Rfd1 Qe7 16. Nd4 Nxd3 17. Qxd3 Rc7 18. Nce2 Rfc8 19. Rxc7 Rxc7 20. f3 Bd7 21. Qd2 Rc8 22. Nf4 Re8 23. Kf2 Qd6 24. Rc1 g5 25. Nfe2 {Erigaisi,A (2778)-Duda,J (2733) chess.com INT 2024 1-0 (32)}) 11. h3 {It might turn out that this move is unnecessary, because Black wasn't planning ...Bg4 for some time yet.} ({Let us examine:} 11. O-O Bg4 ({If Black plays} 11... Be6 {with the idea of ... Nbd7 as in the game, then h3 could have been saved. For instance,} 12. b4 $14) 12. Ne5 c5 $1 (12... Nc6 13. f4 {should be something for White}) 13. Qa4 $5 (13. Qd2 b5 14. f4 Nc6 15. h3 cxd4 16. exd4 Be6 $132 {with play on both sides of the board}) 13... Be6 14. Qa3 b6 $14 {I think White has a nibble in this Barry-type position. The computer likes 13...Rxe5, but then Black is really playing for tricks.}) 11... Be6 ({RR} 11... b6 12. O-O Bb7 13. Rac1 Nbd7 14. Rfd1 Qe7 15. a3 c5 16. dxc5 bxc5 17. Be2 Rab8 18. Qa4 Ne5 19. b4 d4 20. exd4 Nxf3+ 21. Bxf3 Bxf3 22. gxf3 cxb4 23. axb4 Qe6 24. Kh2 Qd6+ 25. Kh1 Rxb4 26. Qa3 {Chen,Y (2206)-Pribelszky,B (2400) Budapest HUN 2025 0-1 (44)}) 12. O-O Nbd7 ({It is reasonable to ask, given the game continuation, why Black didn't go for} 12... c5 $5 {immediately, so that his knight could use the c6-square and (probably) ...b5 would still be an option?} 13. dxc5 Qxc5 14. Rac1 Nc6 15. Rfd1 $14) (12... c6 {is a more aggressive way to handle the position, inviting White to play b4 at some moment if he wishes, but reserving options like ...Nd7-b6 in that eventuality. For instance:} 13. a3 Nbd7 14. b4 a5 15. Qb2 b6 $5 $132 {Or ...Nb6.}) 13. a4 $146 (13. Na4 Ne4 $1 {This thematic counter-blow at first looks impossible, but in fact it's necessary to stop White developing a choke-hold on c5.}) ({RR} 13. Rac1 Rac8 14. Na4 Ne4 15. Nc5 Ndxc5 16. dxc5 Qd7 17. c6 bxc6 18. Qxc6 Qe7 19. Bxa6 Ra8 20. Bb5 Rxa2 21. Qxe8+ Qxe8 22. Bxe8 Rxb2 23. Rxc7 g5 24. Nd4 h5 25. Nxe6 fxe6 26. Bf7+ Kg7 27. Bxe6+ Kf6 {Mujumdar,S (2028)-Liyanage,R (2165) Chess.com INT 2021 1-0 (34)}) ({RR} 13. Rac1 Rac8 14. Na4 Ne4 15. Nc5 Ndxc5 16. dxc5 Qd7 17. c6 bxc6 18. Qxc6 Qe7 19. Bxa6 Ra8 20. Bb5 Rxa2 21. Qxe8+ Qxe8 22. Bxe8 Rxb2 23. Rxc7 g5 24. Nd4 h5 25. Nxe6 fxe6 26. Bf7+ Kg7 27. Bxe6+ Kf6 {Mujumdar,S (2028)-Liyanage,R (2165) Chess.com INT 2021 1-0 (34)}) 13... Rac8 14. Rfc1 c5 {On one hand, this move usually hands over a slight plus to White for the foreseeable future, but on the other, Black seems uniquely well placed in this case to carry out the standard mitigating procedures.} 15. dxc5 Nxc5 16. Nd4 Bd7 17. Qd1 {In case of any ...Nce4xf2 type ideas.} (17. Bf5 $5 {seeks to clarify matters a bit.} Nce4 (17... Ne6 $1 {seems best. Now say} 18. Rd1 {With e4 ideas in the pipeline.}) (17... Bxf5 18. Qxf5 g6 19. Qc2 Qe5 20. Nce2 $14) 18. Bxe4 Nxe4 19. Qb3 $14) 17... Rc7 18. Bc2 Rec8 19. Nde2 Ne6 20. Bb3 Bc6 21. Nd4 {White suffers in this phase from a lack of obvious plans, being that d5 is defended as many times as Black needs. He ends up not finding one, and Black gets to consolidate further.} Qb4 22. Nce2 Bd7 23. Rxc7 Rxc7 {This is now just dead equal.} 24. Qe1 Qxe1+ 25. Rxe1 Nc5 (25... Kf8 {Playing this first presents White with a small strategic problem. If he marks time, then ...Nc5 will come next.} 26. Rd1 Nc5 27. a5 Ke7 $11) 26. Rc1 a5 27. Bc2 Kf8 28. b3 Na6 29. f3 Nb4 {Starting to give White things to think about. There needs to be, for instance, a serious response to ...b5, both immediately and in the future.} 30. Kf2 Ne8 31. Ke1 Nd6 32. Bb1 {And this is a tacit offer of a draw.} (32. Kd2 b5 33. axb5 Bxb5 $132 {Black has his targets too.}) 32... Rxc1+ 33. Nxc1 Ke7 34. Bd3 Kf6 35. h4 b6 36. Kd2 Ke5 37. g4 g5 38. hxg5 hxg5 39. Nce2 Nxd3 40. Kxd3 Nb7 ({The attempt} 40... f5 $4 {is hugely ill-advised due to the tactic} 41. f4+ Kf6 42. fxg5+ Kxg5 43. Nf3+ $3 {and White is basically winning.}) (40... b5 $5 {is playable, though knights tend to be good in close combat such as this.} 41. f4+ Kf6 42. Nc3 bxa4 43. Nxd5+ Kg7 44. Nb6 $1 (44. bxa4 $6 Bxa4 45. fxg5 Kg6 $15 {is still a draw, but with Black having a very active king and passed a-pawn it could go wrong.}) 44... Bxg4 45. Nxa4 gxf4 46. exf4 $11 {and there isn't much left to play for.}) 1/2-1/2

[Event "Tata Steel-A 81st"]
[Site "Wijk aan Zee"]
[Date "2019.01.26"]
[Round "12"]
[White "Carlsen, Magnus"]
[Black "Duda, Jan Krzysztof"]
[Result "1-0"]
[WhiteElo "2835"]
[BlackElo "2738"]
[Annotator "Nielsen,Peter Heine"]
[PlyCount "141"]
[EventDate "2019.01.12"]
[EventType "tourn"]
[EventRounds "13"]
[EventCountry "NED"]
[EventCategory "21"]
[SourceTitle "CBM 188"]
[Source "ChessBase"]
[SourceDate "2018.12.21"]
[SourceVersion "1"]
[SourceVersionDate "2018.12.21"]
[SourceQuality "1"]

{[%evp 0,141,19,31,14,-14,-11,0,0,6,43,66,55,20,15,4,22,24,11,11,35,6,7,-10,-13,5,0,1,-12,-21,9,1,-9,-23,-23,-122,65,83,83,86,61,95,90,105,90,104,97,105,112,95,109,105,105,106,110,102,111,77,111,93,100,98,81,71,108,109,90,90,70,61,51,86,99,72,60,84,113,85,84,92,93,81,88,68,66,55,47,55,55,55,67,43,66,45,62,47,68,54,74,76,171,102,137,135,135,152,153,179,197,193,271,271,277,277,266,256,256,243,256,211,320,298,301,255,269,259,309,256,298,308,302,310,329,313,313,278,276,287,271,235,295,587,587,587]} 1. d4 Nf6 2. c4 e6 3. Nf3 d5 4. Nc3 dxc4 {Duda stays loyal to his tournament preparation, the Vienna had netted him 2 effortless draws in the tournament already.} 5. e4 Bb4 6. Bxc4 $5 {In the first round Vidit played the traditional 6 Bg5 whereafter Duda surprised with 6...b5!? 7.a4 c5. Magnus follows Duda's game with Mamedyarov, where White played the now popular pure pawn sacrifice, aiming for quick development.} Nxe4 7. O-O Nf6 $5 (7... Bxc3 8. bxc3 Nxc3 {gives Black even 2 extra pawns, but the white initiative becomes overwhelming. Danish IM Steffen Pedersen and Swedish GM Tiger Hillarp Pedersen showed me this idea way before it became popular, and I managed to win a blitz game agasnt Van Wely in the German Team Championship before forgetting about it, and being completely lost against Pedersen himself in an blindfold event in Denmark 2007. Won by Magnus himself, as it was organised in order to give him training for his first appearance in the Melody Amber Tournament.} 9. Qb3 Nd5 10. Ba3 Nc6 11. Rfe1 Nce7 12. Bxe7 Nxe7 13. d5 exd5 14. Bxd5 O-O 15. Bxf7+ $1 Rxf7 16. Rad1 Qf8 17. Ng5 {is the basic tactical point, and my game against Pedersen from 2007.}) 8. Qa4+ Nc6 9. Ne5 Rb8 {Obviously the line has evolved, and Black found more sensible solutions than the early greedy attempts. 9...Rb8 is Caruana's choice against Aronian from the Norway Chess tournament 2018, but obviously part of the American's preparation for the candidates tournament. Funnily it was already played by Magnus' second Laurent Fressinet in 2010, whose loss had nothing to do with his position after the opening.} 10. Rd1 $5 {Aronian took on c6, and Halkias played 10.d5. Magnus plays a less direct approach, but blitzed out the following moves obviously still in his preparation. Duda knew the risks. Playing Caruana's favourite line, which Magnus obviously must have prepared, with hindsight might seem like a bad idea, but the young Pole showed numerous times in Wijk that he is not afraid of a challenge.} O-O 11. Nxc6 bxc6 12. Qxa7 {Quite a typical scenario in modern chess: White threatened a blitz attack by sacrificing a pawn, Black choose a solid continuation, and now suddenly White changes gears, now playing for a better pawn structure and a potentially passed a-pawn.} Bd7 {Threatening a "perpetual" against White's queen with ...Ra8/...Rb8.} 13. Qa4 c5 14. Qc2 {This is why White included 10.Rd1 0-0, he needed the rook to protect the d4-pawn.} cxd4 ({RR} 14... Bc6 15. a3 Bxc3 16. bxc3 Qd6 17. Be2 Be4 18. Qd2 Rfd8 19. a4 Qc6 20. f3 Bg6 21. Bb5 Qa8 22. Ba3 cxd4 23. cxd4 e5 24. Qc1 exd4 25. Be7 Qa7 26. Bc5 Qa5 27. Rxd4 c6 28. Rxd8+ Rxd8 29. Bxc6 {Yakubboev,N (2659)-Abdusattorov,N (2767) Tashkent UZB 2025 1-0 (132)}) 15. Rxd4 Bc5 $146 {Magnus mentioned in a video interview after the tournament that he recalled asking some of his second trying to sell him on this concept and he asked why can black not just go 15...Bc5 followed by 16...h6? Somebody switched on the engine, and said 17.Bxh6 and 18.Qd2 is +1. But no one told me what this +1 consisted of.} ({RR} 15... h6 16. Bf4 Bc5 17. Rd2 Qe7 18. Ne4 Nxe4 19. Qxe4 Bd6 20. Rad1 Bb5 21. b3 Bxc4 22. Qxc4 Bxf4 23. Qxf4 c5 24. h3 Rb4 25. Qe5 Rc8 26. Rd7 Qf6 27. Qxf6 gxf6 28. Rc1 c4 29. Rd4 Ra8 30. Rdxc4 {Giri,A (2764)-Svidler,P (2723) chess24.com INT 2020 ½-½ (70)}) ({RR} 15... h6 16. Bf4 Bc5 17. Rd3 Bb6 18. Rad1 Qe7 19. Qe2 Rfd8 20. Qd2 e5 21. Be3 c5 22. Bxh6 gxh6 23. Qxh6 Bg4 24. Rg3 Bc7 25. Nd5 Rxd5 26. Rxd5 Qe6 27. h3 Qf5 28. b3 Qf4 29. Qxf4 exf4 30. Rxg4+ {Diermair,A (2469)-Menezes,C (2415) Vienna 2022 1-0 (34)}) 16. Rh4 $5 {It was notheworthy that the Norwegian supercomputer "sesse" preferred 16.Rd1, aiming for more positional methods.} h6 $2 {Played quickly, but walking straight into preparation. Or sort of preparation at least:} 17. Bxh6 $1 gxh6 18. Qd2 {Blacks problem is that h6 cannot be protected, and losing it basically leads to mate on h8.} Nh7 $1 {Or 18...Ne8 leading to the same thing.} (18... h5 19. Qg5+ Kh8 20. Ne4 $1 {also causes the game to end immediately, so Black has to praise himself lucky things are actually not worse than they are.}) 19. Qxh6 Bxf2+ $1 {Black sacrifices the bishop to force an exchange of queens. White cannot decline with 20.Kh1 as the bishop on f2 also threatens the white rook on h4.} 20. Kxf2 Qf6+ 21. Qxf6 Rxb2+ $1 {Not only did Black have a saving check forcing off the queens, but he even manages to pick up a pawn as well with this intermezzo equalling the material balance.} 22. Kg1 Nxf6 23. Rf1 $1 {Maybe this position does not look as much, but White's initiative still is very threatening. As Magnus knew the machines evaluated the sacrifice on h6 as advantageous for White, and he (correctly) saw no better option than this, it meant he could enter this seemingly innocent position with confidence.} Kg7 $5 {Duda realized his problems, and went for a practical solution.} (23... Ne8 24. Rf3 f5 25. Rg3+ Ng7 {is the computer's preferred line, but showing a considerable initiative for White after} 26. Ne2 {followed by 27.Nf4 or 27.Nd4.}) 24. Rf3 {Black's problem is the safety of his king. Rg3+ basically mating is the immediate threat.} Rg8 25. Rhf4 $1 {Blacks last move has a dual purpose of providing an escape route via f8 for the king, as well as then attacking g2 with the rook. White, however, is just in time to start his own attack in the f-line and Duda is now forced to give up material.} Bc6 26. Rxf6 $1 ({If} 26. Rg3+ $2 Kf8 27. Rxf6 {Black has} Rxg3 28. hxg3 Rxg2+ {followed by ...Rc2 winning back the piece.}) 26... Bxf3 27. Rxf3 Rd8 {White has 2 minor pieces for the rook, but the reduced remaining material as well as Black's activity makes it a kind of 50-50 situation if Black can manage the draw or not.} 28. Rf2 Rb4 29. Bb5 $6 {Too ambitious. More stable was 29.Bb3, but Magnus underestimated Black's strong resource at move 30.} Ra8 30. a4 c6 $1 31. Be2 ({Due to} 31. Bxc6 Rc8 $1 {winning a piece, Duda now manages to push White's bishop away from b5, meaning the knight is forces to stay at c3 to defend the pawn at a4.}) 31... Ra5 32. Rf3 f5 33. Kf2 Rc5 34. Bd1 {Defending the pawn on a4, and thus releasing the knight on c3 of its defensive duties.} e5 $6 {Logical, advancing the pawn exploiting that 35.Rxf5 can be met by 35...Rc3. However, it does weaken the f5 pawn, meaning Black will have to advance it further and thus allow White's knight to permanently settle on f4.} 35. Ne2 Kf6 36. Ra3 Rb1 37. Ke1 $1 {A good retreat, defending the d1 bishop and not fearing 37...Rcd5 due to 38 Nc3! forking the black rooks.} e4 38. g3 $1 ({Not falling for the trick} 38. a5 $2 Rbb5 39. a6 Ra5 $1 {winning the white a-pawn.}) 38... Ke5 39. h4 Ra5 40. h5 c5 41. Kd2 c4 42. Kc2 Rb8 43. Kc3 Rb1 44. Kc2 Rb8 45. Kc1 Rb6 46. Bc2 Rd6 47. Nf4 {White's pieces start landing on their ideal squares, even so breaking Black's resistance is not at all easy.} Rc5 48. Re3 Kd4 49. Re1 Rh6 $6 {Here Duda did not realize it was a crucial moment of the game, and just played a common sense move.} ({He had his chance, as} 49... Kc3 $1 {would ensure counterplay sufficient for serious drawing chances as after} 50. Ne2+ Kb4 {Black makes it much more difficult for White to improve his position than in the game.}) 50. Kd2 $1 {A very strong move either luring Black's pawn to c3, meaning b3 becomes available for the white bishop, or as in the game, White's king gets to c3.} Re5 51. Ne2+ Kc5 52. Rh1 $1 {Covering the h5-pawn and thus getting ready for Kc3.} Re8 (52... Kb4 53. Ke3 $1 {intending Kd4 and Rb1+ becomes decisive.}) 53. Kc3 Rg8 54. Rb1 $1 Rxh5 55. Bxe4 $1 Re8 56. Nf4 $1 {A fascinating tactical sequence, despite the limited amount of material. Its end result is just the elimination of the kingside pawns.} Rg5 57. Rb5+ Kd6 58. Bxf5 Rxg3+ 59. Kd4 $5 {Taking on c4 was also possible, but Magnus' idea with the previous moves was aiming exactly for this position: material has been reduced even further, but Black's king suddenly surprisingly finds itself under a devastating attack!} Rg1 60. Rb6+ Ke7 $1 {The good thing from Black's perspective is that he avoids getting mated. The problem is that the king ends up too far away from a8.} 61. Ng6+ Kf7 62. Ne5+ Kg8 63. Nxc4 {Materialistic, at last.} Ra8 64. a5 Ra1 65. Rb5 Ra7 66. Be4 Rc7 67. Rf5 Kg7 68. Bc2 Rc1 69. Kc3 Rf7 70. Rxf7+ $1 Kxf7 {An interesting observation was being made by the spectators following the game in the live chat. This ending is generally a draw as proved by Tablebases. Here, however, the black king is not close enough to a7, and with his next move Magnus shuts down any black hope of stopping the a-pawn with his rook from a1:} 71. Na3 $1 {Now White's a-pawn queens trivially, and not wanting the world champion to end the game by showing his skills mating with knight and bishop, Duda resigned.} 1-0

[Event "Gashimov Memorial 6th"]
[Site "Shamkir"]
[Date "2019.04.01"]
[Round "2"]
[White "Carlsen, Magnus"]
[Black "Anand, Viswanathan"]
[Result "1-0"]
[WhiteElo "2845"]
[BlackElo "2779"]
[PlyCount "85"]
[EventDate "2019.03.31"]
[EventType "tourn"]
[EventRounds "9"]
[EventCountry "AZE"]
[EventCategory "22"]
[SourceTitle "CBM 190"]
[Source "ChessBase"]
[SourceDate "2019.06.30"]
[SourceVersion "1"]
[SourceVersionDate "2019.06.30"]
[SourceQuality "1"]

1. d4 Nf6 2. c4 e6 3. Nf3 d5 4. Nc3 Be7 5. Bf4 O-O 6. e3 c5 7. dxc5 Bxc5 8. Qc2 Nc6 9. a3 Qa5 10. Rd1 Rd8 11. Be2 Ne4 12. cxd5 Nxc3 13. bxc3 exd5 14. O-O h6 15. a4 Bd6 16. Bxd6 Rxd6 17. c4 ({RR} 17. Nd4 Ne5 18. Nb5 Rd8 19. c4 a6 20. Nc3 dxc4 21. Rxd8+ Qxd8 22. Rd1 Qa5 23. f4 Ng4 24. Qd2 Be6 25. h3 Nf6 26. Qd4 b5 27. axb5 axb5 28. e4 b4 29. Nd5 Bxd5 30. exd5 c3 31. Bc4 Qa7 {Amburgy,R (2230)-Stanojevic,I (2198) chess.com INT 2024 0-1 (56)}) 17... Be6 18. c5 Rdd8 $146 ({RR} 18... Rd7 19. Nd4 Nxd4 20. exd4 Rc7 21. Rb1 Bd7 22. Bb5 Re8 23. Qb3 Bc6 24. Qb4 {½-½ (24) Muradli,M (2531)-Ter Sahakyan,S (2617) Sharjah UAE 2023}) ({RR} 18... Rd7 19. Nd4 Nxd4 20. exd4 Rc7 21. Rb1 Bd7 22. Bb5 Re8 23. Qb3 Bc6 24. Qb4 {½-½ (24) Muradli,M (2531)-Ter Sahakyan,S (2617) Sharjah UAE 2023}) 19. Rb1 Qc7 20. Qb2 Rab8 21. Nd4 Nxd4 22. Qxd4 b6 23. cxb6 Rxb6 24. h3 Rc8 25. Rfd1 Qc3 26. Qxc3 Rxc3 27. a5 Rxb1 28. Rxb1 Rc5 29. a6 g6 30. Rb7 Rc1+ 31. Kh2 Rc2 32. Bb5 Rb2 33. Kg3 Bc8 34. Rb8 Kg7 35. Rxc8 Rxb5 36. Rc7 Ra5 37. Rxa7 Kf6 38. Ra8 Ra3 39. Kh2 h5 40. a7 Ra2 41. h4 Kf5 42. f3 Ra1 43. g3 1-0

[Event "Gashimov Memorial 6th"]
[Site "Shamkir"]
[Date "2019.04.03"]
[Round "4"]
[White "Topalov, Veselin"]
[Black "Carlsen, Magnus"]
[Result "1/2-1/2"]
[WhiteElo "2740"]
[BlackElo "2845"]
[PlyCount "71"]
[EventDate "2019.03.31"]
[EventType "tourn"]
[EventRounds "9"]
[EventCountry "AZE"]
[EventCategory "22"]
[SourceTitle "CBM 190"]
[Source "ChessBase"]
[SourceDate "2019.06.30"]
[SourceVersion "1"]
[SourceVersionDate "2019.06.30"]
[SourceQuality "1"]

1. d4 Nf6 2. c4 e6 3. Nc3 Bb4 4. Nf3 d5 5. cxd5 exd5 6. Bg5 h6 7. Bh4 O-O 8. e3 Bf5 9. Ne5 c5 10. Bd3 cxd4 11. exd4 Bxd3 12. Qxd3 Qd6 13. Bxf6 Qxf6 14. O-O Bxc3 15. Qxc3 Re8 ({RR} 15... Rd8 16. Rac1 Nc6 17. Nxc6 bxc6 18. Rfe1 Re8 19. b4 Rad8 20. Qc5 Re4 21. Rxe4 dxe4 22. Rd1 Qe6 23. Qxa7 e3 24. fxe3 Qxe3+ 25. Kh1 Re8 26. h3 Qf2 27. a4 g5 28. Qa6 g4 29. Qf1 Qg3 30. a5 {So,W (2770)-Nepomniachtchi,I (2792) Paris 2021 ½-½ (46)}) 16. Rac1 $146 ({RR} 16. Rfe1 Nc6 17. Nxc6 Qxc6 18. Qxc6 bxc6 19. Rxe8+ Rxe8 20. Kf1 a5 21. Rc1 Rb8 22. b3 Rb6 23. Rc5 a4 24. bxa4 Rb1+ 25. Ke2 Rb2+ 26. Kd3 Rxa2 27. Rxc6 Ra3+ 28. Rc3 Rxa4 29. Rc5 Ra3+ 30. Ke2 Ra2+ {Korobov,A (2684)-Giri,A (2774) Terme Catez 2021 ½-½ (36)}) ({RR} 16. Rfe1 Nc6 17. Nxc6 Qxc6 18. Qxc6 bxc6 19. Rxe8+ Rxe8 20. Kf1 a5 21. Rc1 Rb8 22. b3 Rb6 23. Rc5 a4 24. bxa4 Rb1+ 25. Ke2 Rb2+ 26. Kd3 Rxa2 27. Rxc6 Ra3+ 28. Rc3 Rxa4 29. Rc5 Ra3+ 30. Ke2 Ra2+ {Korobov,A (2684)-Giri,A (2774) Terme Catez 2021 ½-½ (36)}) 16... Nc6 17. Nxc6 Qxc6 18. Qxc6 bxc6 19. Rxc6 Re2 20. Ra6 Rxb2 21. g3 Re8 22. Rxa7 Ree2 23. Ra5 Rxa2 24. Rxd5 Red2 25. h4 Ra4 26. Kg2 Raxd4 27. Rxd4 Rxd4 28. Kf3 h5 29. Kg2 g6 30. Kf3 Kg7 31. Kg2 Rd5 32. Kf3 Rf5+ 33. Kg2 Rd5 34. Kf3 Rf5+ 35. Kg2 Rd5 36. Kf3 1/2-1/2